000 00340 a2200145 4500
999 _c12220
_d12220
003 OSt
005 20231223131232.0
008 231223b ||||| |||| 00| 0 eng d
020 _a9789810737443
082 _a711.73
_bIRM
100 _aIrmscher
245 _aParking Structures, Vol.1: Planning Principles
260 _bRHED
942 _2ddc